Southville International School and Colleges
Your cart is empty.
  • Cart
  • Lists
    Public lists Eva Luna New books Lux_list list_1
    Your lists Log in to create your own lists
  • Log in to your account
  • Your cookies
  • Search history
Southville International School and Colleges
  • Advanced search
  • Recent comments
  • Most popular
  • Libraries

Log in to your account

Log in with GOOGLE


If you do not have an external account, but do have a local account, you can still log in:

  1. Home
  2. MARC view: Level of self-confidence and academic performance in English of grade 3 & 4 transfer students /
Normal view MARC view ISBD view

Level of self-confidence and academic performance in English of grade 3 & 4 transfer students / (Record no. 97899)

[ view plain ]
MARC details
000 -LEADER
fixed length control field 00877nam a2200217 a 4500
003 - CONTROL NUMBER IDENTIFIER
control field 0
005 - DATE AND TIME OF LATEST TRANSACTION
control field 20250313141138.0
008 - FIXED-LENGTH DATA ELEMENTS--GENERAL INFORMATION
fixed length control field 080723s19uu xx 00 eng d
050 ## - LIBRARY OF CONGRESS CALL NUMBER
Classification number PGS LB 3060.33.S4
Item number .L477 2008
100 ## - MAIN ENTRY--PERSONAL NAME
Personal name Lee, Sang Woo.
245 ## - TITLE STATEMENT
Title Level of self-confidence and academic performance in English of grade 3 & 4 transfer students /
Statement of responsibility, etc Lee, Sang Woo.
260 ## - PUBLICATION, DISTRIBUTION, ETC. (IMPRINT)
Place of publication, distribution, etc Las Piñas City, Philippines :
Name of publisher, distributor, etc Southville International School and Colleges,
Date of publication, distribution, etc 2008.
300 ## - PHYSICAL DESCRIPTION
Extent 19 pages :
Other physical details illustrations ;
Dimensions 28 cm.
504 ## - BIBLIOGRAPHY, ETC. NOTE
Bibliography, etc Includes bibliographical references.
650 ## - SUBJECT ADDED ENTRY--TOPICAL TERM
Topical term or geographic name as entry element Self-confidence in children.
650 ## - SUBJECT ADDED ENTRY--TOPICAL TERM
Topical term or geographic name as entry element Academic achievement
Form subdivision English language.
650 ## - SUBJECT ADDED ENTRY--TOPICAL TERM
Topical term or geographic name as entry element English language
Form subdivision Study and teaching
-- Primary students.
650 ## - SUBJECT ADDED ENTRY--TOPICAL TERM
Topical term or geographic name as entry element Transfer students
Form subdivision Adjustment.
650 ## - SUBJECT ADDED ENTRY--TOPICAL TERM
Topical term or geographic name as entry element School adjustment
Form subdivision Grade school students.
942 ## - ADDED ENTRY ELEMENTS (KOHA)
Source of classification or shelving scheme Library of Congress Classification
Koha item type PASS
Holdings
Withdrawn status Lost status Source of classification or shelving scheme Damaged status Home library Current library Shelving location Date acquired Source of acquisition Total Checkouts Full call number Barcode Date last seen Price effective from Koha item type
    Library of Congress Classification   Luxembourg Library Luxembourg Library Portfolio Assessment of SISC Students Section 07/23/2008 Donation   PGS LB 3060.33.S4 .L477 2008 P1991 04/08/2014 04/08/2014 PASS

Level of self-confidence and academic performance in English of grade 3 & 4 transfer students /

APA

Lee S. W., . (2008). Level of self-confidence and academic performance in English of grade 3 & 4 transfer students. Las Piñas City, Philippines: Southville International School and Colleges.

Chicago

Lee Sang Woo, . 2008. Level of self-confidence and academic performance in English of grade 3 & 4 transfer students. Las Piñas City, Philippines: Southville International School and Colleges.

Harvard

Lee S. W., . (2008). Level of self-confidence and academic performance in English of grade 3 & 4 transfer students. Las Piñas City, Philippines: Southville International School and Colleges.

MLA

Lee Sang Woo, . Level of self-confidence and academic performance in English of grade 3 & 4 transfer students. Las Piñas City, Philippines: Southville International School and Colleges. 2008.

  • Print
  • Cite
  • Add to your cart (remove)
  • Save record
    BIBTEX Dublin Core MARCXML MARC (non-Unicode/MARC-8) MARC (Unicode/UTF-8) MARC (Unicode/UTF-8, Standard) MODS (XML) RIS
  • More searches
    Search for this title in:
    Other Libraries (WorldCat) Other Databases (Google Scholar) Online Stores (Bookfinder.com) Open Library (openlibrary.org)

Exporting to Dublin Core...

SOUTHVILLE LIBRARY

Southville International School and Colleges Library

1281 Tropical Ave. Cor. Luxembourg St., BF Homes International, Las Pinas City

Tel. No. 8256374 / 252358 Loc. 117/146

Powered by Koha